Analýza priamych zahraničných investícií v SR bakalárska práca

Salvato in:
Dettagli Bibliografici
Autore principale: Hanker, Filip
Ente Autore: Fakulta hospodárskej informatiky EU. Katedra štatistiky
Altri autori: Sušienková, Katarína, 1967-
Natura: Libro
Lingua:slovacco
Pubblicazione: Bratislava 2016
Tags: Aggiungi Tag
Nessun Tag, puoi essere il primo ad aggiungerne!!

MARC

LEADER 00000nbm a2200000 4500
001 0219109
005 20170320150003.7
041 0 |a slo 
044 |a SK 
245 1 0 |a Analýza priamych zahraničných investícií v SR  |b bakalárska práca  |c Filip Hanker ; školiteľ: Katarína Sušienková 
264 1 |a Bratislava  |c 2016 
300 |a 60 s. 
100 1 |a Hanker, Filip 
700 1 |a Sušienková, Katarína, 1967- 
710 2 |a Fakulta hospodárskej informatiky EU. Katedra štatistiky